Szczegóły MARC21

VISUAL COBOL : Einführungsleitfaden auf Grundlagen des MBP-COBOL /

005 -DATA I CZAS OSTATNIEJ MODYFIKACJI [,]
    • @
    • pole kontrolne
    • 20070315155141.9
020 -Międzynarod. znormalizowany nr książki - ISBN [ , ]
    • a
    • Numer ISBN
    • 3924018774 Find
040 -Instytucja sporządzająca opis [ , ]
    • a
    • Instytucja, która sporządziła opis (NP)
    • SZCZ U
    • c
    • Instytucja, która sporządziła rekord (NP)
    • SZCZ U
041 -Język dokumentu [0, ]
    • a
    • Język tekstu (P)
    • niemiecki
    • h
    • Język tekstu oryginalnego i/lub pośredniego (P)
    • niemiecki
942 -Rodzaj dokumentu [ , ]
    • c
    • Rodzaj dokumentu
    • Książka
100 -Hasło główne - nazwa osobowa [ , ]
    • a
    • Nazwa osobowa (NP)
    • REUSCH PETER J.A.
245 -Strefa tytułu i oznaczenia odpowiedzialności [1, ]
    • a
    • Tytuł
    • VISUAL COBOL : Find
    • b
    • Ciąg dalszy tytułu (NP)
    • Einführungsleitfaden auf Grundlagen des MBP-COBOL / Find
250 -Strefa wydania [ , ]
    • a
    • Oznaczenie wydania (NP)
    • [2. Aufl.].
260 -Strefa adresu wydawniczego [ , ]
    • a
    • Miejsce wydania (P)
    • Lünen :
    • b
    • Nazwa wydawcy (P)
    • WUTH Verl.,
    • c
    • Data wydania (P)
    • 1992.
300 -Strefa opisu fizycznego [ , ]
    • a
    • Określenie formy książki i/lub objętość (NP)
    • [307] s. :
    • b
    • Oznaczenie ilustracji (NP)
    • rys. :
    • c
    • Format (NP)
    • 21 cm.
500 -Uwaga ogólna [ , ]
    • a
    • Uwaga ogólna (NP)
    • Ind
080 -Uniwersalna Klasyfikacja Dziesiętna [ , ]
    • a
    • Symbol klasyfikacji
    • 519.682::33=30
980 -Symbol UKD [ , ]
    • a
    • UKD
    • 519.682::33=30
920 -ISBN [ , ]
    • a
    • ISBN
    • 3-924018-77-4 Find
Lokalizacja Data inwentaryzacji Status udost. Numer inwentarzowy Sygnatura
BE1997-11-14-2S.81312 
BE1997-11-14-6S.81313FUNDACJA POLSKO-NIEMIECKA
BE1997-11-14-6S.81314FUNDACJA POLSKO-NIEMIECKA
BE1997-11-142S.81315FUNDACJA POLSKO-NIEMIECKA
BE1997-11-142S.81316FUNDACJA POLSKO-NIEMIECKA
BE1997-11-142S.81317FUNDACJA POLSKO-NIEMIECKA
BE1997-11-142S.81318FUNDACJA POLSKO-NIEMIECKA
BE1997-11-142S.81319FUNDACJA POLSKO-NIEMIECKA
BE1997-11-14-2E.64941FUNDACJA POLSKO-NIEMIECKA
BE1997-11-142S.81320 
BE1997-11-142S.81321